01331nab a22002417a 4500003000400000005001700004008004100021040000700062100002100069245013300090260007200223300001500295500005000310505028800360505012300648505009000771650002000861650001700881650001400898650003000912650001400942773013300956OSt20260115222106.0190605e xxu||||| |||| 00| 0 spa d cPJ aMoia, Ángel L.10aUna sentencia en dos actos. ¿Revisión de la cosa juzgada o retroactividad de un criterio jurisprudencial? /cÁngel L. Moia. aCiudad Autónoma de Buenos Aires :bThomson Reuters La Ley,c2025. ap. 104-113 aCita Online: Cita: TR LALEY AR/DOC/367/2025. aSumario: I. El caso.— II. La cosa juzgada.— III. Los fundamentos de la revisión en el caso.— IV. La revisión de la cosa juzgada.— V. Las razones de la revisión.— VI. ¿Arreglo de la cuenta de intereses o indexación del capital de la condena?— VII. Conclusiones.  aFallo comentado: CNTrab., sala X ~ 03/12/2024 ~ Tramando S.A c. Querin Cortez, Franco s/ revisión de cosa juzgada. t¿Te interesa el texto completo? Solicitalo al correo: koha@justierradelfuego.gov.ar  0aDERECHO LABORAL 0aCOSA JUZGADA 0aINTERESES 0aACTUALIZACIÓN MONETARIA 0aSENTENCIA0 02711dCiudad Autónoma de Buenos Aires : Thomson Reuters La Ley, 1999-2002.tRevista de derecho del trabajo. Nº 2 - Marzo 2025